000 00203nam a22000857a 4500
008 161227b xxu||||| |||| 00| 0 eng d
100 _92184
_aSrivastava.N
245 _aArt-8
260 _aNew Delhi
_bRachna
_c2010
999 _c5073
_d5073